Gemeinden des Kantons Graubünden - Statistiken

Allgemein
  • Dieses Quiz wurde 2.501 mal gespielt
    1.352 seit der letzten Aktualisierung
  • Das Durchschnittsergebnis liegt bei 50 aus 100
Antworten auf der Karte
Die Antworten werden auf der Karte rot bzw. grün angezeigt, abhängig davon wie oft sie richtig erraten wurden.
 
Antwortstatistiken
Einwohner Gemeinde % Korrekt
39'177 Chur
96%
10’774 Davos
92%
4’997 St. Moritz
90%
9’244 Landquart
85%
4’546 Scuol
84%
3’159 Arosa
81%
4’478 Klosters
81%
2’102 Laax
81%
2’104 Disentis/Mustér
78%
2’902 Flims
75%
518 Lantsch/Lenz
71%
2’901 Samedan
71%
1’592 Zernez
71%
2’072 Pontresina
70%
3’505 Poschiavo
70%
3’439 Thusis
70%
898 Bergün Filisur
69%
1’430 Val Müstair
69%
5’067 Ilanz/Glion
68%
750 Samnaun
68%
3’266 Maienfeld
67%
8’392 Domat/Ems
65%
2’114 Churwalden
62%
976 Sils im Domleschg
61%
708 Sils im Engadin/Segl
61%
958 Vals
61%
1’557 Trin
60%
1’224 Zuoz
60%
3’691 Zizers
58%
1’354 Albula/Alvra
57%
713 S-chanf
57%
1’124 Silvaplana
57%
1’706 Breil/Brigels
56%
1’612 Rhäzüns
56%
1’591 Bregaglia
55%
635 Falera
55%
2’529 Malans
55%
3’565 Bonaduz
54%
1’415 Celerina/Schlarigna
54%
1’141 Trun
54%
2’993 Schiers
53%
618 Bever
52%
1’099 Brusio
52%
2’075 Lumnezia
52%
1’160 Obersaxen Mundaun
52%
910 Küblis
51%
2’176 Grüsch
50%
750 La Punt Chamues-ch
50%
1’223 Tamins
50%
2’674 Untervaz
50%
2’732 Vaz/Obervaz
50%
964 Safiental
49%
923 Andeer
47%
1’414 Mesocco
47%
2’886 Felsberg
46%
2’465 Surses
46%
3’424 Trimmis
46%
169 Avers
43%
2’439 Cazis
43%
626 Fideris
43%
570 Rheinwald
43%
2’656 Roveredo
42%
1’450 Seewis im Prättigau
41%
204 Calanca
39%
2’262 Domleschg
39%
879 Fläsch
39%
1’164 Jenaz
39%
1’063 Sumvitg
39%
964 Jenins
38%
196 Madulain
38%
328 Medel (Lucmagn)
38%
769 Sagogn
37%
616 Schluein
37%
147 Sufers
37%
1’199 Tujetsch
37%
205 Schmitten
36%
426 Zillis-Reischen
36%
304 Rothenbrunnen
34%
146 Tschappina
33%
801 Valsot
33%
224 Conters im Prättigau
32%
76 Ferrera
32%
113 Santa Maria in Calanca
32%
1’580 Grono
31%
168 Rossa
31%
866 Lostallo
30%
203 Furna
29%
720 Cama
27%
1’689 Luzein
27%
324 Soazza
27%
353 Fürstenau
26%
961 San Vittore
26%
836 Scharans
26%
59 Rongellen
25%
163 Urmein
25%
368 Muntogna da Schons
24%
255 Flerden
22%
531 Masein
22%
91 Buseno
21%
254 Castaneda
21%
Keine übereinstimmenden Quizze gefunden
Verteilung der Resultate
Anzahl Personen mit jedem Resultat
Perzentil nach korrekt beantworteten Fragen
Ihre Resultats-Entwicklung
Sie haben dieses Quiz seit der letzten Aktualisierung nicht gespielt